Statistics for NBA All-Time Rankings Among NBA Legends Before The Age Of 35

Click here to take the quiz!

General Stats

  • This quiz has been taken 70 times
  • The average score is 48 of 60

Answer Stats

Group Answer % Correct
2-Pointers Made Leaders | Assists Leader | Average Game Score Leaders | +6 othersLebron James
99%
Field Goals Made Leaders | Free Throw Made Leaders | Games Played Leaders | +2 othersKobe Bryant
96%
3-Pointers Made LeadersStephen Curry
96%
2-Pointers Made Leaders | Field Goals Made Leaders | Points Leader | Total Rebounds LeaderWilt Chamberlain
94%
2-Pointers Made Leaders | Average Game Score Leaders | Field Goals Made Leaders | +2 othersMichael Jordan
91%
Assists Leader | Steals LeaderJohn Stockton
90%
3-Pointers Made LeadersRay Allen
90%
Assists LeaderMagic Johnson
88%
2-Pointers Made Leaders | Field Goals Made LeadersKareem Abdul-Jabbar
88%
Free Throw Made Leaders | Minutes Played Leaders | Points LeaderKarl Malone
87%
Free Throw Made LeadersMoses Malone
87%
Average Game Score Leaders | Total Blocks LeadersHakeem Olajuwon
85%
2-Pointers Made Leaders | Average Game Score Leaders | Total Blocks LeadersShaquille O'Neal
81%
Games Played LeadersJoe Johnson
79%
Total Rebounds LeaderBill Russell
78%
Assists LeaderJason Kidd
76%
Minutes Played LeadersDirk Nowitzki
73%
Free Throw Made LeadersJerry West
72%
Total Blocks Leaders | Total Rebounds LeaderTim Duncan
72%
3-Pointers Made LeadersKlay Thompson
69%
Total Blocks LeadersDikembe Mutombo
69%
Steals LeaderScottie Pippen
67%
3-Pointers Made LeadersJames Harden
64%
Assists LeaderChris Paul
58%
Games Played Leaders | Minutes Played LeadersKevin Garnett
57%
Average Game Score LeadersDavid Robinson
54%
Total Rebounds LeaderDwight Howard
48%
Steals LeaderClyde Drexler
36%
Total Blocks LeadersMark Eaton
34%
Games Played LeadersTony Parker
28%
3-Pointers Made LeadersJ.R. Smith
16%
Total Rebounds LeaderNate Thurmond
15%

Score Distribution

Percentile by Number Answered

Percent of People with Each Score

Your Score History

You have not taken this quiz